US Cities by Time Zone: Pacific Quiz Stats

 Plays Quiz Updated Oct 8, 2018

Score 0/30 Timer 08:00
7 Plays Today
Rank City % Correct
1Los Angeles, California
99%
4San Francisco, California
95.9%
5Seattle, Washington
95.8%
2San Diego, California
95.1%
6Portland, Oregon
90.5%
9Sacramento, California
83.3%
7Las Vegas, Nevada
82.8%
3San Jose, California
75%
11Oakland, California
72.2%
20Reno, Nevada
62.2%
26Tacoma, Washington
50.4%
13Anaheim, California
49.9%
8Fresno, California
49%
24Spokane, Washington
43.4%
10Long Beach, California
43.3%
Rank City % Correct
12Bakersfield, California
40.4%
15Riverside, California
34.5%
14Santa Ana, California
24.9%
19Irvine, California
24.2%
16Stockton, California
23.9%
23San Bernardino, California
22.5%
17Henderson, Nevada
20.2%
25Modesto, California
19.3%
21North Las Vegas, Nevada
14.6%
22Fremont, California
14.3%
18Chula Vista, California
13.9%
30Huntington Beach, California
13.5%
27Oxnard, California
12.1%
28Fontana, California
9%
29Moreno Valley, California
4.5%

You're not logged in!

Compare scores with friends on all Sporcle quizzes.
OR
Log In

Show Comments

Extras

Top Quizzes Today


Score Distribution

Your Account Isn't Verified!

In order to create a playlist on Sporcle, you need to verify the email address you used during registration. Go to your Sporcle Settings to finish the process.

Report this User

Report this user for behavior that violates our Community Guidelines.

Details: